Baby Names: 'L' Boy Names by Decade Quiz Stats

 Plays Quiz Updated Dec 18, 2018

Challenge
Share
Tweet
Embed
Score 0/120 Timer 08:00
15 Plays Today
Decade Names % Correct
1930sLarry
83.9%
1940sLarry
83.9%
1950sLarry
83.9%
1960sLarry
83.9%
1970sLarry
83.9%
1980sLarry
83.9%
1990sLarry
83.9%
1880sLeo
80.6%
1890sLeo
80.6%
1900sLeo
80.6%
1910sLeo
80.6%
1920sLeo
80.6%
1930sLeo
80.6%
1960sLeon
75.5%
1910sLeon
75.5%
1920sLeon
75.5%
1930sLeon
75.5%
1940sLeon
75.5%
1950sLeon
75.5%
1880sLeonard
74.6%
1890sLeonard
74.6%
1900sLeonard
74.6%
1910sLeonard
74.6%
1920sLeonard
74.6%
1930sLeonard
74.6%
1940sLeonard
74.6%
1950sLeonard
74.6%
1960sLeonard
74.6%
1970sLeonard
74.6%
1880sLawrence
72.9%
1890sLawrence
72.9%
1900sLawrence
72.9%
1910sLawrence
72.9%
1920sLawrence
72.9%
1930sLawrence
72.9%
1940sLawrence
72.9%
1950sLawrence
72.9%
1960sLawrence
72.9%
1970sLawrence
72.9%
1980sLawrence
72.9%
Decade Names % Correct
1980sLuke
72.3%
1990sLuke
72.3%
2000sLuke
72.3%
1880sLouis
70.2%
1890sLouis
70.2%
1900sLouis
70.2%
1910sLouis
70.2%
1920sLouis
70.2%
1930sLouis
70.2%
1940sLouis
70.2%
1950sLouis
70.2%
1960sLouis
70.2%
1970sLouis
70.2%
1980sLouis
70.2%
1980sLucas
60.5%
1990sLucas
60.5%
2000sLucas
60.5%
2000sLiam
58.8%
1880sLewis
58.7%
1890sLewis
58.7%
1900sLewis
58.7%
1910sLewis
58.7%
1920sLewis
58.7%
1930sLewis
58.7%
1940sLewis
58.7%
1880sLester
54.2%
1890sLester
54.2%
1900sLester
54.2%
1910sLester
54.2%
1920sLester
54.2%
1880sLee
54.1%
1890sLee
54.1%
1900sLee
54.1%
1910sLee
54.1%
1930sLee
54.1%
1940sLee
54.1%
1950sLee
54.1%
1960sLee
54.1%
1970sLee
54.1%
1980sLee
54.1%
Decade Names % Correct
1920sLee
54%
1960sLance
47.3%
1970sLance
47.3%
1980sLance
47.3%
1980sLogan
40.1%
1990sLogan
40.1%
2000sLogan
40.1%
2000sLandon
39.4%
2000sLeonardo
37.8%
1880sLeslie
37%
1940sLeslie
37%
1950sLeslie
37%
1880sLuther
34.2%
1890sLuther
34.2%
1900sLuther
34.2%
1960sLonnie
33.4%
1950sLonnie
33.4%
1990sLevi
31.9%
2000sLevi
31.9%
1960sLeroy
31.6%
1880sLeroy
31.6%
1890sLeroy
31.6%
1900sLeroy
31.6%
1910sLeroy
31.6%
1920sLeroy
31.6%
1930sLeroy
31.6%
1940sLeroy
31.6%
1950sLeroy
31.6%
1960sLuis
30.6%
1970sLuis
30.6%
1980sLuis
30.6%
1990sLuis
30.6%
2000sLuis
30.6%
1890sLloyd
30.1%
1900sLloyd
30.1%
1910sLloyd
30.1%
1920sLloyd
30.1%
1930sLloyd
30.1%
1940sLloyd
30.1%
1950sLloyd
30.1%

You're not logged in!

Compare scores with friends on all Sporcle quizzes.
OR
Log In

You Might Also Like...

Show Comments

Extras

Top Quizzes Today


Score Distribution

Your Account Isn't Verified!

In order to create a playlist on Sporcle, you need to verify the email address you used during registration. Go to your Sporcle Settings to finish the process.

Report this User

Report this user for behavior that violates our Community Guidelines.

Details: